00431cam a22001217a 4500008004000000082001600040245006500056260005000121300000800171700002500179999001900204952008600223180718b1957 xxu||||| |||| 00| 0 eng d aT19x458 Un3 aReport of the Economic Commission: Maltacby Colonial Office aLondonbHer Majesty's Stationery Officec1957 a35p aU.K. Colonial Office c421939d421939 00104070aIIPAbIIPAd2009-08-10oT19x458 Un3p8248r2018-07-21w2018-07-21yBK